[Event "45th FIDE Chess Olympiad Open"]
[Site "Budapest, Hungary"]
[Date "2024.09.22"]
[Round "11"]
[White "Makem Pierre"]
[Black "Miswadah, Baha"]
[Result "0-1"]
[Board "240"]
[WhiteFideId "11000805"]
[BlackFideId "11502118"]
[WhiteTitle "CM"]
[BlackTitle "CM"]
[WhiteElo "1860"]
[BlackElo "1957"]
[WhiteTeam "Cameroon"]
[BlackTeam "Palestine"]
[WhiteClock "0:23:02"]
[BlackClock "0:07:43"]
[Variant "Standard"]

1. d4 {[%clk 1:30:55]}  d5 {[%clk 1:30:57]} 2. Bf4 {[%clk 1:30:35]}  Nf6 {[%clk 1:31:11]} 3. Nc3 {[%clk 1:30:33]}  c6 {[%clk 1:31:04]} 4. e3 {[%clk 1:29:53]}  Bf5 {[%clk 1:31:15]} 5. Nf3 {[%clk 1:27:40]}  e6 {[%clk 1:24:40]} 6. Bd3 {[%clk 1:27:14]}  Bd6 {[%clk 1:23:04]} 7. Ne5 {[%clk 1:26:39]}  Qc7 {[%clk 1:22:09]} 8. Bxf5 {[%clk 1:25:52]}  exf5 {[%clk 1:22:30]} 9. Nd3 {[%clk 1:25:47]}  Nbd7 {[%clk 1:21:13]} 10. Qf3 {[%clk 1:22:21]}  g6 {[%clk 1:19:23]} 11. h3 {[%clk 1:21:08]}  h5 {[%clk 1:15:35]} 12. O-O-O {[%clk 1:19:10]}  O-O-O {[%clk 1:13:06]} 13. h4 {[%clk 1:16:37]}  Ne4 {[%clk 1:11:48]} 14. Nxe4 {[%clk 1:16:54]}  fxe4 {[%clk 1:09:36]} 15. Qg3 {[%clk 1:15:30]}  Bxf4 {[%clk 1:09:20]} 16. Nxf4 {[%clk 1:15:53]}  a5 {[%clk 1:07:23]} 17. f3 {[%clk 1:15:15]}  Nf6 {[%clk 1:06:41]} 18. fxe4 {[%clk 1:06:18]}  Nxe4 {[%clk 1:02:44]} 19. Qf3 {[%clk 1:06:13]}  Kb8 {[%clk 1:02:13]} 20. c4 {[%clk 1:02:57]}  a4 {[%clk 0:59:45]} 21. Rd3 {[%clk 0:57:52]}  dxc4 {[%clk 0:56:13]} 22. Ra3 {[%clk 0:58:03]}  Rhe8 {[%clk 0:55:52]} 23. Rxa4 {[%clk 0:57:49]}  c3 {[%clk 0:55:07]} 24. Kc2 {[%clk 0:52:54]}  cxb2 {[%clk 0:48:19]} 25. Rb1 {[%clk 0:51:36]}  Qd7 {[%clk 0:44:58]} 26. Rxb2 {[%clk 0:50:58]}  Re7 {[%clk 0:44:22]} 27. Nd3 {[%clk 0:50:21]}  Qd6 {[%clk 0:41:10]} 28. Rb3 {[%clk 0:45:24]}  f6 {[%clk 0:33:40]} 29. Rba3 {[%clk 0:36:56]}  Kc7 {[%clk 0:32:45]} 30. Ra7 {[%clk 0:36:22]}  Rb8 {[%clk 0:30:31]} 31. Rb3 {[%clk 0:36:36]}  Kd8 {[%clk 0:28:13]} 32. Qf4 {[%clk 0:33:36]}  g5 {[%clk 0:23:13]} 33. hxg5 {[%clk 0:33:22]}  fxg5 {[%clk 0:21:13]} 34. Qf8+ {[%clk 0:30:24]}  Kc7 {[%clk 0:18:34]} 35. Qf5 {[%clk 0:27:39]}  Qg3 {[%clk 0:16:30]} 36. Ne5 {[%clk 0:14:40]}  Qxg2+ {[%clk 0:16:06]} 37. Kd3 {[%clk 0:15:02]}  Nc5+ {[%clk 0:08:17]} 38. dxc5 {[%clk 0:07:36]}  Qd5+ {[%clk 0:06:56]} 39. Ke2 {[%clk 0:08:00]}  Qxe5 {[%clk 0:07:00]} 40. Qd3 {[%clk 0:07:54]}  Qh2+ {[%clk 0:06:00]} 41. Kd1 {[%clk 0:07:48]}  Rf7 {[%clk 0:04:52]} 42. Kc1 {[%clk 0:06:45]}  Qe5 {[%clk 0:03:32]} 43. Qc4 {[%clk 0:05:38]}  Rf5 {[%clk 0:02:03]} 44. Rc3 {[%clk 0:02:58]}  Rd8 {[%clk 0:30:22]} 45. Qb4 {[%clk 0:31:42]}  Rb8 {[%clk 0:26:54]} 46. Kb2 {[%clk 0:30:48]}  Rf3 {[%clk 0:14:33]} 47. Qb6+ {[%clk 0:30:52]}  Kc8 {[%clk 0:13:55]} 48. Qb3 {[%clk 0:31:00]}  Rxe3 {[%clk 0:11:30]} 49. Qg8+ {[%clk 0:30:54]}  Kc7 {[%clk 0:11:35]} 50. Qh7+ {[%clk 0:30:29]}  Qe7 {[%clk 0:11:28]} 51. Qxh5 {[%clk 0:30:20]}  Re8 {[%clk 0:10:16]} 52. Raa3 {[%clk 0:25:31]}  Re2+ {[%clk 0:09:05]} 53. Kc1 {[%clk 0:24:49]}  Rf8 {[%clk 0:08:13]} 54. Qh3 {[%clk 0:24:26]}  Re1+ {[%clk 0:07:52]} 55. Kc2 {[%clk 0:23:56]}  Rf2+ {[%clk 0:07:51]} 56. Kb3 {[%clk 0:23:47]}  Rb1+ {[%clk 0:07:28]} 57. Kc4 {[%clk 0:23:02]}  Qe4# {[%clk 0:07:43]} 0-1

[Event "45th FIDE Chess Olympiad Open"]
[Site "Budapest, Hungary"]
[Date "2024.09.22"]
[Round "11"]
[White "De Mey, Juan Pablo"]
[Black "KIGIGHA, Bomo Lovet"]
[Result "1/2-1/2"]
[Board "241"]
[WhiteFideId "15900312"]
[BlackFideId "8500037"]
[WhiteTitle "FM"]
[BlackTitle "FM"]
[WhiteElo "1992"]
[BlackElo "2217"]
[WhiteTeam "Aruba"]
[BlackTeam "Nigeria"]
[WhiteClock "0:06:10"]
[BlackClock "0:33:24"]
[Variant "Standard"]

1. e4 {[%clk 1:30:58]}  d5 {[%clk 1:30:40]} 2. exd5 {[%clk 1:31:27]}  Qxd5 {[%clk 1:31:03]} 3. Nc3 {[%clk 1:31:53]}  Qa5 {[%clk 1:31:28]} 4. d4 {[%clk 1:32:20]}  Nf6 {[%clk 1:31:47]} 5. Bc4 {[%clk 1:32:48]}  Bg4 {[%clk 1:32:06]} 6. f3 {[%clk 1:33:15]}  Bd7 {[%clk 1:32:27]} 7. Nge2 {[%clk 1:33:10]}  c5 {[%clk 1:32:48]} 8. dxc5 {[%clk 1:33:06]}  Qxc5 {[%clk 1:32:28]} 9. Qd4 {[%clk 1:33:32]}  e6 {[%clk 1:23:22]} 10. Be3 {[%clk 1:33:41]}  Qxd4 {[%clk 1:21:57]} 11. Bxd4 {[%clk 1:33:52]}  a6 {[%clk 1:21:49]} 12. Bb3 {[%clk 1:29:33]}  Bc6 {[%clk 1:21:55]} 13. O-O-O {[%clk 1:28:27]}  Nbd7 {[%clk 1:21:46]} 14. Be3 {[%clk 1:14:42]}  Bb4 {[%clk 1:22:00]} 15. a3 {[%clk 1:14:01]}  Ba5 {[%clk 1:14:20]} 16. Kb1 {[%clk 0:58:47]}  Rc8 {[%clk 1:11:42]} 17. Rhe1 {[%clk 0:56:38]}  O-O {[%clk 1:11:47]} 18. Bd2 {[%clk 0:57:04]}  Bb6 {[%clk 0:57:44]} 19. Nc1 {[%clk 0:57:26]}  Rfd8 {[%clk 0:55:27]} 20. Nd3 {[%clk 0:57:48]}  Nc5 {[%clk 0:49:57]} 21. Nxc5 {[%clk 0:53:17]}  Bxc5 {[%clk 0:50:22]} 22. Bg5 {[%clk 0:53:42]}  Bd6 {[%clk 0:45:47]} 23. Rxe6 {[%clk 0:33:24]}  Bxh2 {[%clk 0:43:07]} 24. Bxf6 {[%clk 0:24:15]}  Rxd1+ {[%clk 0:35:29]} 25. Nxd1 {[%clk 0:22:24]}  gxf6 {[%clk 0:35:36]} 26. Rxf6 {[%clk 0:22:18]}  Rc7 {[%clk 0:35:59]} 27. Ne3 {[%clk 0:21:31]}  Kg7 {[%clk 0:34:00]} 28. Rf5 {[%clk 0:21:39]}  Kg6 {[%clk 0:29:22]} 29. g4 {[%clk 0:21:55]}  Re7 {[%clk 0:25:05]} 30. Nd5 {[%clk 0:12:30]}  Rd7 {[%clk 0:20:08]} 31. c4 {[%clk 0:06:57]}  Bxd5 {[%clk 0:20:07]} 32. cxd5 {[%clk 0:06:48]}  h6 {[%clk 0:18:05]} 33. Bc2 {[%clk 0:04:39]}  Kg7 {[%clk 0:18:26]} 34. Rh5 {[%clk 0:04:50]}  Bf4 {[%clk 0:18:47]} 35. Rf5 {[%clk 0:04:36]}  Bg3 {[%clk 0:18:31]} 36. f4 {[%clk 0:03:58]}  Re7 {[%clk 0:17:45]} 37. Bd3 {[%clk 0:02:00]}  Rc7 {[%clk 0:17:18]} 38. a4 {[%clk 0:01:44]}  Rc8 {[%clk 0:16:01]} 39. Ka2 {[%clk 0:01:12]}  Rc7 {[%clk 0:14:38]} 40. Kb3 {[%clk 0:01:28]}  Rc8 {[%clk 0:14:02]} 41. Bc4 {[%clk 0:00:41]}  Rc7 {[%clk 0:14:24]} 42. Bd3 {[%clk 0:22:58]}  Rc8 {[%clk 0:44:47]} 43. Bc4 {[%clk 0:13:25]}  Rc7 {[%clk 0:45:15]} 44. a5 {[%clk 0:11:39]}  Rd7 {[%clk 0:41:56]} 45. Ka4 {[%clk 0:09:50]}  f6 {[%clk 0:39:02]} 46. b4 {[%clk 0:09:41]}  Re7 {[%clk 0:39:09]} 47. b5 {[%clk 0:07:28]}  Re4 {[%clk 0:37:33]} 48. bxa6 {[%clk 0:06:39]}  bxa6 {[%clk 0:37:01]} 49. Kb3 {[%clk 0:06:26]}  Bxf4 {[%clk 0:36:26]} 50. Bd3 {[%clk 0:05:50]}  Rd4 {[%clk 0:36:47]} 51. Bxa6 {[%clk 0:05:39]}  Bc7 {[%clk 0:37:09]} 52. Bc4 {[%clk 0:05:28]}  Bxa5 {[%clk 0:37:14]} 53. d6 {[%clk 0:05:49]}  Bd8 {[%clk 0:37:36]} 54. Kc3 {[%clk 0:05:34]}  Rxg4 {[%clk 0:33:03]} 55. Kd3 {[%clk 0:06:00]}  Kg6 {[%clk 0:33:11]} 56. Rc5 {[%clk 0:06:09]}  f5 {[%clk 0:33:10]} 57. Rc8 {[%clk 0:06:28]}  Bb6 {[%clk 0:32:09]} 58. Rg8+ {[%clk 0:05:41]}  Kh5 {[%clk 0:32:33]} 59. Rxg4 {[%clk 0:06:03]}  Kxg4 {[%clk 0:32:56]} 60. Be6 {[%clk 0:05:12]}  h5 {[%clk 0:32:44]} 61. Ke2 {[%clk 0:05:34]}  h4 {[%clk 0:33:00]} 62. Bxf5+ {[%clk 0:06:00]}  Kxf5 {[%clk 0:33:24]} 63. Kf3 {[%clk 0:06:10]} 1/2-1/2

[Event "45th FIDE Chess Olympiad Open"]
[Site "Budapest, Hungary"]
[Date "2024.09.22"]
[Round "11"]
[White "OSUNFUYI, Abimbola"]
[Black "Stetsenko, Ilya"]
[Result "1-0"]
[Board "242"]
[WhiteFideId "8502439"]
[BlackFideId "15900762"]
[WhiteTitle "FM"]
[WhiteElo "2164"]
[BlackElo "1903"]
[WhiteTeam "Nigeria"]
[BlackTeam "Aruba"]
[WhiteClock "0:34:06"]
[BlackClock "0:05:14"]
[Variant "Standard"]

1. Nf3 {[%clk 1:30:53]}  Nf6 {[%clk 1:30:25]} 2. c4 {[%clk 1:31:16]}  b6 {[%clk 1:30:30]} 3. g3 {[%clk 1:31:20]}  Bb7 {[%clk 1:30:47]} 4. Bg2 {[%clk 1:31:44]}  c5 {[%clk 1:30:50]} 5. O-O {[%clk 1:31:57]}  g6 {[%clk 1:31:13]} 6. Re1 {[%clk 1:31:00]}  Bg7 {[%clk 1:31:22]} 7. Nc3 {[%clk 1:31:14]}  d5 {[%clk 1:25:54]} 8. d4 {[%clk 1:29:15]}  Nbd7 {[%clk 1:15:49]} 9. cxd5 {[%clk 1:16:56]}  Nxd5 {[%clk 1:12:31]} 10. e4 {[%clk 1:14:15]}  Nxc3 {[%clk 1:12:54]} 11. bxc3 {[%clk 1:14:42]}  O-O {[%clk 1:12:52]} 12. Bb2 {[%clk 1:10:54]}  Qc7 {[%clk 1:11:45]} 13. Qb3 {[%clk 1:08:16]}  Rac8 {[%clk 1:02:45]} 14. Rac1 {[%clk 1:00:24]}  Qb8 {[%clk 0:56:30]} 15. Rcd1 {[%clk 0:56:07]}  Qa8 {[%clk 0:47:54]} 16. Nd2 {[%clk 0:51:58]}  Kh8 {[%clk 0:18:28]} 17. d5 {[%clk 0:48:05]}  c4 {[%clk 0:08:13]} 18. Nxc4 {[%clk 0:44:14]}  Nc5 {[%clk 0:08:42]} 19. Qc2 {[%clk 0:44:05]}  Ba6 {[%clk 0:08:43]} 20. Ne3 {[%clk 0:40:01]}  Bb5 {[%clk 0:08:55]} 21. c4 {[%clk 0:39:27]}  Ba4 {[%clk 0:07:17]} 22. Bxg7+ {[%clk 0:39:34]}  Kxg7 {[%clk 0:07:45]} 23. Qc3+ {[%clk 0:39:48]}  Kg8 {[%clk 0:07:44]} 24. Rd2 {[%clk 0:39:07]}  b5 {[%clk 0:07:24]} 25. d6 {[%clk 0:34:42]}  exd6 {[%clk 0:06:06]} 26. Ng4 {[%clk 0:34:06]}  Nd7 {[%clk 0:05:14]} 1-0

[Event "45th FIDE Chess Olympiad Open"]
[Site "Budapest, Hungary"]
[Date "2024.09.22"]
[Round "11"]
[White "Pesqueira, Jose"]
[Black "Ofowino, Toritsemuwa"]
[Result "0-1"]
[Board "243"]
[WhiteFideId "15900037"]
[BlackFideId "8504377"]
[WhiteTitle "CM"]
[WhiteElo "1880"]
[BlackElo "2020"]
[WhiteTeam "Aruba"]
[BlackTeam "Nigeria"]
[WhiteClock "0:16:15"]
[BlackClock "0:38:07"]
[Variant "Standard"]

1. Nf3 {[%clk 1:30:57]}  d5 {[%clk 1:30:42]} 2. d4 {[%clk 1:31:16]}  Nf6 {[%clk 1:30:58]} 3. c4 {[%clk 1:31:15]}  c6 {[%clk 1:31:17]} 4. e3 {[%clk 1:31:03]}  a6 {[%clk 1:31:22]} 5. cxd5 {[%clk 1:30:41]}  cxd5 {[%clk 1:31:43]} 6. Nc3 {[%clk 1:30:19]}  Nc6 {[%clk 1:31:23]} 7. Bd3 {[%clk 1:26:12]}  Bg4 {[%clk 1:28:57]} 8. h3 {[%clk 1:26:13]}  Bh5 {[%clk 1:25:04]} 9. O-O {[%clk 1:22:28]}  e6 {[%clk 1:25:21]} 10. a3 {[%clk 1:19:48]}  Bd6 {[%clk 1:25:29]} 11. b4 {[%clk 1:20:00]}  O-O {[%clk 1:25:39]} 12. Bb2 {[%clk 1:20:12]}  b5 {[%clk 1:15:23]} 13. Rc1 {[%clk 1:20:00]}  Rc8 {[%clk 1:15:42]} 14. Re1 {[%clk 1:11:59]}  Qb6 {[%clk 1:12:09]} 15. Be2 {[%clk 0:45:02]}  Rc7 {[%clk 0:44:38]} 16. Ne5 {[%clk 0:25:27]}  Bxe2 {[%clk 0:43:56]} 17. Qxe2 {[%clk 0:23:43]}  Rfc8 {[%clk 0:28:40]} 18. Nxc6 {[%clk 0:14:19]}  Rxc6 {[%clk 0:28:55]} 19. Na2 {[%clk 0:08:52]}  Rxc1 {[%clk 0:27:11]} 20. Rxc1 {[%clk 0:09:18]}  Rxc1+ {[%clk 0:27:37]} 21. Nxc1 {[%clk 0:04:29]}  Qc6 {[%clk 0:27:45]} 22. Nd3 {[%clk 0:02:02]}  Ne8 {[%clk 0:19:05]} 23. Nc5 {[%clk 0:01:34]}  Bf8 {[%clk 0:19:02]} 24. e4 {[%clk 0:01:12]}  Nd6 {[%clk 0:16:17]} 25. exd5 {[%clk 0:01:35]}  exd5 {[%clk 0:16:36]} 26. Qg4 {[%clk 0:01:15]}  Nc4 {[%clk 0:16:49]} 27. Bc1 {[%clk 0:01:26]}  Bxc5 {[%clk 0:16:56]} 28. dxc5 {[%clk 0:01:35]}  Qe6 {[%clk 0:17:04]} 29. Qxe6 {[%clk 0:01:21]}  fxe6 {[%clk 0:17:29]} 30. f3 {[%clk 0:01:03]}  Kf7 {[%clk 0:17:19]} 31. Kf2 {[%clk 0:01:14]}  Kf6 {[%clk 0:17:37]} 32. Ke2 {[%clk 0:01:08]}  Ke5 {[%clk 0:17:08]} 33. Kd3 {[%clk 0:01:18]}  Kf6 {[%clk 0:08:59]} 34. f4 {[%clk 0:01:00]}  e5 {[%clk 0:09:03]} 35. fxe5+ {[%clk 0:01:21]}  Kxe5 {[%clk 0:09:17]} 36. c6 {[%clk 0:00:44]}  Kd6 {[%clk 0:09:33]} 37. c7 {[%clk 0:00:51]}  Kxc7 {[%clk 0:09:59]} 38. Kd4 {[%clk 0:01:09]}  Kc6 {[%clk 0:09:58]} 39. g4 {[%clk 0:01:07]}  Kd6 {[%clk 0:10:12]} 40. Bf4+ {[%clk 0:01:32]}  Kc6 {[%clk 0:08:40]} 41. Bc1 {[%clk 0:01:59]}  g6 {[%clk 0:08:52]} 42. h4 {[%clk 0:01:26]}  h5 {[%clk 0:09:00]} 43. gxh5 {[%clk 0:00:41]}  gxh5 {[%clk 0:09:20]} 44. Kc3 {[%clk 0:26:29]}  Kd6 {[%clk 0:39:23]} 45. Kd4 {[%clk 0:24:55]}  Ke6 {[%clk 0:39:41]} 46. Kc5 {[%clk 0:23:04]}  Ke5 {[%clk 0:38:58]} 47. Kc6 {[%clk 0:23:16]}  d4 {[%clk 0:39:13]} 48. Kb7 {[%clk 0:23:29]}  Kd5 {[%clk 0:38:49]} 49. Kxa6 {[%clk 0:22:08]}  Kc6 {[%clk 0:39:09]} 50. a4 {[%clk 0:20:42]}  bxa4 {[%clk 0:37:13]} 51. b5 {[%clk 0:20:57]}  Kd5 {[%clk 0:37:20]} 52. b6 {[%clk 0:20:57]}  Nxb6 {[%clk 0:37:40]} 53. Kxb6 {[%clk 0:21:24]}  d3 {[%clk 0:38:05]} 54. Kb5 {[%clk 0:20:56]}  a3 {[%clk 0:38:20]} 55. Kb4 {[%clk 0:16:15]}  a2 {[%clk 0:38:07]} 0-1

[Event "45th FIDE Chess Olympiad Open"]
[Site "Budapest, Hungary"]
[Date "2024.09.22"]
[Round "11"]
[White "QUICKPEN, Deborah Ebimobo-ere"]
[Black "Antonio, Kyell-Jean"]
[Result "1-0"]
[Board "244"]
[WhiteFideId "8511616"]
[BlackFideId "15900746"]
[WhiteTitle "WCM"]
[WhiteElo "1918"]
[BlackElo "1763"]
[WhiteTeam "Nigeria"]
[BlackTeam "Aruba"]
[WhiteClock "0:37:09"]
[BlackClock "0:00:31"]
[Variant "Standard"]

1. e4 {[%clk 1:30:58]}  e5 {[%clk 1:30:55]} 2. Nf3 {[%clk 1:31:21]}  Nc6 {[%clk 1:31:24]} 3. Bc4 {[%clk 1:31:28]}  Bc5 {[%clk 1:31:47]} 4. c3 {[%clk 1:31:21]}  Nf6 {[%clk 1:32:10]} 5. d3 {[%clk 1:31:41]}  a6 {[%clk 1:31:46]} 6. Nbd2 {[%clk 1:30:40]}  d6 {[%clk 1:31:59]} 7. b4 {[%clk 1:29:34]}  Ba7 {[%clk 1:32:12]} 8. a4 {[%clk 1:29:45]}  O-O {[%clk 1:31:45]} 9. O-O {[%clk 1:29:13]}  h6 {[%clk 1:31:58]} 10. h3 {[%clk 1:27:05]}  Be6 {[%clk 1:30:54]} 11. Bxe6 {[%clk 1:23:55]}  fxe6 {[%clk 1:31:22]} 12. Nc4 {[%clk 1:22:39]}  Ne7 {[%clk 1:26:12]} 13. Be3 {[%clk 1:16:20]}  Ng6 {[%clk 1:21:50]} 14. Bxa7 {[%clk 1:07:42]}  Rxa7 {[%clk 1:22:18]} 15. g3 {[%clk 1:07:42]}  Nh7 {[%clk 1:15:19]} 16. Qe2 {[%clk 0:59:41]}  Ng5 {[%clk 1:07:45]} 17. Nxg5 {[%clk 0:59:58]}  Qxg5 {[%clk 1:07:55]} 18. Qe3 {[%clk 0:56:21]}  Qxe3 {[%clk 1:04:46]} 19. fxe3 {[%clk 0:56:38]}  b6 {[%clk 1:01:11]} 20. Rxf8+ {[%clk 0:53:32]}  Kxf8 {[%clk 0:54:01]} 21. Rf1+ {[%clk 0:52:58]}  Kg8 {[%clk 0:51:18]} 22. d4 {[%clk 0:51:50]}  exd4 {[%clk 0:48:00]} 23. exd4 {[%clk 0:51:50]}  Ne7 {[%clk 0:45:26]} 24. Ne3 {[%clk 0:49:10]}  Ra8 {[%clk 0:41:15]} 25. c4 {[%clk 0:45:49]}  Rf8 {[%clk 0:33:08]} 26. d5 {[%clk 0:38:54]}  exd5 {[%clk 0:31:47]} 27. cxd5 {[%clk 0:36:50]}  Rxf1+ {[%clk 0:31:38]} 28. Kxf1 {[%clk 0:37:06]}  Kf7 {[%clk 0:29:22]} 29. Ke2 {[%clk 0:37:02]}  c6 {[%clk 0:27:50]} 30. Kd3 {[%clk 0:36:07]}  cxd5 {[%clk 0:22:42]} 31. exd5 {[%clk 0:36:00]}  Kf6 {[%clk 0:18:37]} 32. Ke4 {[%clk 0:35:59]}  b5 {[%clk 0:12:48]} 33. axb5 {[%clk 0:32:12]}  axb5 {[%clk 0:13:16]} 34. Nc2 {[%clk 0:30:56]}  Nc8 {[%clk 0:10:26]} 35. Nd4 {[%clk 0:30:56]}  Na7 {[%clk 0:10:54]} 36. h4 {[%clk 0:30:52]}  h5 {[%clk 0:05:00]} 37. Kf4 {[%clk 0:28:18]}  g6 {[%clk 0:04:37]} 38. Ne2 {[%clk 0:26:26]}  Nc8 {[%clk 0:04:23]} 39. Nc3 {[%clk 0:26:45]}  Ne7 {[%clk 0:02:57]} 40. Ke4 {[%clk 0:24:09]}  Nf5 {[%clk 0:02:18]} 41. Kf4 {[%clk 0:18:55]}  Ne7 {[%clk 0:29:19]} 42. Ke4 {[%clk 0:42:40]}  Nf5 {[%clk 0:29:48]} 43. Ne2 {[%clk 0:41:02]}  g5 {[%clk 0:29:24]} 44. hxg5+ {[%clk 0:40:44]}  Kxg5 {[%clk 0:25:54]} 45. Kf3 {[%clk 0:40:03]}  Ne7 {[%clk 0:18:44]} 46. Nc3 {[%clk 0:39:26]}  Kf5 {[%clk 0:17:29]} 47. Nxb5 {[%clk 0:39:42]}  Nxd5 {[%clk 0:02:40]} 48. Nd4+ {[%clk 0:39:11]}  Kg5 {[%clk 0:01:23]} 49. b5 {[%clk 0:39:23]}  Nb6 {[%clk 0:01:10]} 50. Ne6+ {[%clk 0:38:48]}  Kf6 {[%clk 0:01:08]} 51. Nf4 {[%clk 0:39:03]}  Kg5 {[%clk 0:01:37]} 52. Ke4 {[%clk 0:38:28]}  h4 {[%clk 0:00:39]} 53. gxh4+ {[%clk 0:38:28]}  Kxh4 {[%clk 0:01:07]} 54. Nd5 {[%clk 0:38:47]}  Nc8 {[%clk 0:00:41]} 55. Kf5 {[%clk 0:38:52]}  Kh5 {[%clk 0:00:33]} 56. Ke6 {[%clk 0:39:12]}  Na7 {[%clk 0:00:31]} 57. b6 {[%clk 0:39:33]}  Nc6 {[%clk 0:00:44]} 58. Kxd6 {[%clk 0:37:49]}  Na5 {[%clk 0:01:03]} 59. Kc5 {[%clk 0:36:33]}  Kg6 {[%clk 0:01:00]} 60. Ne3 {[%clk 0:36:04]}  Kf7 {[%clk 0:00:38]} 61. Nc4 {[%clk 0:36:02]}  Nb7+ {[%clk 0:01:05]} 62. Kc6 {[%clk 0:36:18]}  Nd8+ {[%clk 0:01:29]} 63. Kd7 {[%clk 0:36:21]}  Ne6 {[%clk 0:00:33]} 64. Nd6 {[%clk 0:36:35]}  Kf6 {[%clk 0:00:49]} 65. Ne4+ {[%clk 0:36:53]}  Ke5 {[%clk 0:00:33]} 66. b7 {[%clk 0:37:02]}  Nf8+ {[%clk 0:00:31]} 67. Ke8 {[%clk 0:37:09]} 1-0

[Event "45th FIDE Chess Olympiad Open"]
[Site "Budapest, Hungary"]
[Date "2024.09.22"]
[Round "11"]
[White "Cabralis, Quinn"]
[Black "Muhammed, Shuaau"]
[Result "1/2-1/2"]
[Board "245"]
[WhiteFideId "7700440"]
[BlackFideId "16700406"]
[WhiteTitle "FM"]
[BlackTitle "FM"]
[WhiteElo "2169"]
[BlackElo "2052"]
[WhiteTeam "Trinidad & Tobago"]
[BlackTeam "Maldives"]
[WhiteClock "0:05:12"]
[BlackClock "0:01:57"]
[Variant "Standard"]

1. e4 {[%clk 1:30:57]}  e5 {[%clk 1:30:48]} 2. Nf3 {[%clk 1:31:23]}  Nc6 {[%clk 1:31:15]} 3. Bb5 {[%clk 1:31:44]}  a6 {[%clk 1:31:42]} 4. Ba4 {[%clk 1:32:08]}  Nf6 {[%clk 1:32:04]} 5. O-O {[%clk 1:32:32]}  Be7 {[%clk 1:32:27]} 6. Re1 {[%clk 1:32:58]}  b5 {[%clk 1:32:54]} 7. Bb3 {[%clk 1:33:22]}  d6 {[%clk 1:33:09]} 8. c3 {[%clk 1:33:46]}  O-O {[%clk 1:33:32]} 9. h3 {[%clk 1:34:12]}  Nb8 {[%clk 1:33:57]} 10. d4 {[%clk 1:34:38]}  Nbd7 {[%clk 1:34:25]} 11. c4 {[%clk 1:34:49]}  c6 {[%clk 1:34:47]} 12. Qc2 {[%clk 1:35:07]}  Bb7 {[%clk 1:34:34]} 13. a3 {[%clk 1:35:27]}  bxc4 {[%clk 1:30:09]} 14. Bxc4 {[%clk 1:34:36]}  exd4 {[%clk 1:21:33]} 15. Nxd4 {[%clk 1:34:39]}  d5 {[%clk 1:21:42]} 16. exd5 {[%clk 1:31:14]}  cxd5 {[%clk 1:22:10]} 17. Ba2 {[%clk 1:18:00]}  Rc8 {[%clk 1:17:51]} 18. Nc3 {[%clk 1:18:02]}  Ne4 {[%clk 1:15:11]} 19. Be3 {[%clk 1:14:19]}  Nxc3 {[%clk 1:10:30]} 20. bxc3 {[%clk 1:14:01]}  Bf6 {[%clk 1:10:24]} 21. Rad1 {[%clk 1:11:42]}  Qa5 {[%clk 0:57:38]} 22. Bb1 {[%clk 0:50:57]}  g6 {[%clk 0:56:49]} 23. Bh6 {[%clk 0:50:42]}  Rfe8 {[%clk 0:46:10]} 24. Rxe8+ {[%clk 0:33:53]}  Rxe8 {[%clk 0:46:37]} 25. Qb3 {[%clk 0:32:22]}  Nc5 {[%clk 0:43:47]} 26. Qb4 {[%clk 0:32:07]}  Qxb4 {[%clk 0:39:56]} 27. cxb4 {[%clk 0:22:28]}  Ne4 {[%clk 0:39:45]} 28. Bxe4 {[%clk 0:22:02]}  dxe4 {[%clk 0:32:29]} 29. Nb3 {[%clk 0:22:23]}  Bc6 {[%clk 0:14:50]} 30. Rd6 {[%clk 0:20:53]}  Re6 {[%clk 0:15:18]} 31. Rxe6 {[%clk 0:19:58]}  fxe6 {[%clk 0:15:46]} 32. Bc1 {[%clk 0:16:10]}  Be7 {[%clk 0:15:19]} 33. Kf1 {[%clk 0:14:07]}  Kf7 {[%clk 0:13:49]} 34. Bb2 {[%clk 0:12:44]}  Bd5 {[%clk 0:13:05]} 35. Nd2 {[%clk 0:10:41]}  Bg5 {[%clk 0:12:56]} 36. Nb1 {[%clk 0:08:12]}  e3 {[%clk 0:12:45]} 37. Nc3 {[%clk 0:05:24]}  Bc4+ {[%clk 0:13:00]} 38. Ke1 {[%clk 0:04:00]}  exf2+ {[%clk 0:12:46]} 39. Kxf2 {[%clk 0:04:29]}  Bd3 {[%clk 0:08:40]} 40. Kf3 {[%clk 0:04:33]}  Bf6 {[%clk 0:08:25]} 41. Nd1 {[%clk 0:02:35]}  e5 {[%clk 0:01:31]} 42. Ke3 {[%clk 0:00:36]}  Bc4 {[%clk 0:29:49]} 43. Nf2 {[%clk 0:27:40]}  Bg5+ {[%clk 0:26:58]} 44. Kf3 {[%clk 0:21:22]}  Ke6 {[%clk 0:23:08]} 45. Ng4 {[%clk 0:20:40]}  e4+ {[%clk 0:19:12]} 46. Kf2 {[%clk 0:19:30]}  h5 {[%clk 0:17:37]} 47. Ne3 {[%clk 0:18:03]}  Bd3 {[%clk 0:17:59]} 48. Bd4 {[%clk 0:17:22]}  Bf4 {[%clk 0:17:21]} 49. g3 {[%clk 0:16:30]}  Be5 {[%clk 0:16:48]} 50. Bc5 {[%clk 0:07:05]}  Bb5 {[%clk 0:15:08]} 51. h4 {[%clk 0:07:17]}  Bb2 {[%clk 0:14:25]} 52. Nc2 {[%clk 0:07:23]}  Bd3 {[%clk 0:13:10]} 53. Bd4 {[%clk 0:05:41]}  Bc1 {[%clk 0:11:32]} 54. Be3 {[%clk 0:05:10]}  Bb2 {[%clk 0:08:34]} 55. Bd4 {[%clk 0:05:30]}  Bc1 {[%clk 0:07:13]} 56. Be3 {[%clk 0:05:59]}  Bxe3+ {[%clk 0:05:53]} 57. Nxe3 {[%clk 0:06:28]}  Ke5 {[%clk 0:06:19]} 58. a4 {[%clk 0:06:13]}  Kd4 {[%clk 0:06:39]} 59. Ng2 {[%clk 0:06:12]}  Kc3 {[%clk 0:03:41]} 60. b5 {[%clk 0:05:52]}  axb5 {[%clk 0:03:36]} 61. axb5 {[%clk 0:06:20]}  Bxb5 {[%clk 0:04:05]} 62. Ke3 {[%clk 0:06:30]}  Bd7 {[%clk 0:04:12]} 63. Nf4 {[%clk 0:04:35]}  Bf5 {[%clk 0:04:32]} 64. Ng2 {[%clk 0:04:42]}  Kc4 {[%clk 0:04:40]} 65. Nf4 {[%clk 0:04:25]}  Kc5 {[%clk 0:04:56]} 66. Ng2 {[%clk 0:04:20]}  Kd5 {[%clk 0:05:23]} 67. Nf4+ {[%clk 0:03:40]}  Ke5 {[%clk 0:05:50]} 68. Ng2 {[%clk 0:04:03]}  Be6 {[%clk 0:05:57]} 69. Nf4 {[%clk 0:04:25]}  Bf7 {[%clk 0:06:16]} 70. Ng2 {[%clk 0:03:49]}  Kf5 {[%clk 0:06:27]} 71. Kf2 {[%clk 0:04:13]}  Be6 {[%clk 0:04:04]} 72. Nf4 {[%clk 0:04:21]}  Bb3 {[%clk 0:03:48]} 73. Ng2 {[%clk 0:04:21]}  Bf7 {[%clk 0:03:00]} 74. Nf4 {[%clk 0:03:04]}  g5 {[%clk 0:02:40]} 75. Ng2 {[%clk 0:02:55]}  gxh4 {[%clk 0:02:32]} 76. Nxh4+ {[%clk 0:03:14]}  Kg4 {[%clk 0:02:35]} 77. Ng2 {[%clk 0:03:37]}  Be8 {[%clk 0:02:06]} 78. Ne3+ {[%clk 0:03:42]}  Kg5 {[%clk 0:02:13]} 79. Ng2 {[%clk 0:03:41]}  Kf5 {[%clk 0:02:33]} 80. Ne3+ {[%clk 0:03:04]}  Ke5 {[%clk 0:02:53]} 81. Nc4+ {[%clk 0:03:18]}  Kd4 {[%clk 0:03:06]} 82. Ne3 {[%clk 0:03:37]}  Bd7 {[%clk 0:03:11]} 83. Nc2+ {[%clk 0:03:00]}  Kd3 {[%clk 0:02:57]} 84. Nb4+ {[%clk 0:03:06]}  Kc4 {[%clk 0:02:27]} 85. Nc2 {[%clk 0:03:27]}  Kc3 {[%clk 0:02:37]} 86. Ne3 {[%clk 0:03:42]}  Kd3 {[%clk 0:02:04]} 87. Nd5 {[%clk 0:03:52]}  Bg4 {[%clk 0:01:56]} 88. Ne3 {[%clk 0:04:17]}  Kd4 {[%clk 0:01:54]} 89. Ng2 {[%clk 0:04:31]}  Ke5 {[%clk 0:01:23]} 90. Ne3 {[%clk 0:04:45]}  Bf3 {[%clk 0:01:20]} 91. Nc4+ {[%clk 0:04:46]}  Kf5 {[%clk 0:01:34]} 92. Ne3+ {[%clk 0:05:08]}  Kg5 {[%clk 0:01:57]} 93. Nc4 {[%clk 0:05:12]} 1/2-1/2